<?xml version="1.0" encoding="UTF-8"?>
<collection xmlns:xsi="http://www.w3.org/2001/XMLSchema-instance" xsi:schemaLocation="http://www.loc.gov/MARC21/slim http://www.loc.gov/standards/marcxml/schema/MARC21slim.xsd" xmlns="http://www.loc.gov/MARC21/slim">
 <record>
  <leader>00000caa a22000003i 4500</leader>
  <controlfield tag="001">UP-1685594773862388580</controlfield>
  <controlfield tag="003">Buklod</controlfield>
  <controlfield tag="005">20210319174726.0</controlfield>
  <controlfield tag="006">m     |  |        </controlfield>
  <controlfield tag="007">ta</controlfield>
  <controlfield tag="008">210319s2018    xx      r    |||| u|eng d</controlfield>
  <datafield tag="035" ind1=" " ind2=" ">
   <subfield code="a">(iLib)UPBAG-00039513771</subfield>
  </datafield>
  <datafield tag="040" ind1=" " ind2=" ">
   <subfield code="a">STII-DOST</subfield>
   <subfield code="d">BAG</subfield>
   <subfield code="e">rda</subfield>
  </datafield>
  <datafield tag="041" ind1="0" ind2=" ">
   <subfield code="a">eng</subfield>
  </datafield>
  <datafield tag="090" ind1=" " ind2="0">
   <subfield code="a">ARTICLE-2765</subfield>
  </datafield>
  <datafield tag="100" ind1="1" ind2=" ">
   <subfield code="a">Angeles-Agdeppa, Imelda</subfield>
   <subfield code="e">author.</subfield>
  </datafield>
  <datafield tag="245" ind1="1" ind2="0">
   <subfield code="a">Supplementary feeding utilizing climate-smart indigenous vegetables from school gardens with iron fortified rice improved nutritional status of schoolchildren</subfield>
   <subfield code="c">by Imelda Angeles-Agdeppa, Emilita M. Oro, Clarita R. Magsadia, Maria Christy Jesusa G. Tacugue, Julian F. Gonsalves, and Mario V. Capanzana.</subfield>
  </datafield>
  <datafield tag="264" ind1=" " ind2="1">
   <subfield code="c">2018.</subfield>
  </datafield>
  <datafield tag="300" ind1=" " ind2=" ">
   <subfield code="a">pages 677-691</subfield>
   <subfield code="b">color illustrations</subfield>
   <subfield code="c">26 cm</subfield>
  </datafield>
  <datafield tag="336" ind1=" " ind2=" ">
   <subfield code="a">text</subfield>
   <subfield code="2">rdacontent</subfield>
  </datafield>
  <datafield tag="337" ind1=" " ind2=" ">
   <subfield code="a">unmediated</subfield>
   <subfield code="2">rdamedia</subfield>
  </datafield>
  <datafield tag="338" ind1=" " ind2=" ">
   <subfield code="a">volume</subfield>
   <subfield code="2">rdacarrier</subfield>
  </datafield>
  <datafield tag="504" ind1=" " ind2=" ">
   <subfield code="a">Includes bibliographical references (page 689-691)</subfield>
  </datafield>
  <datafield tag="520" ind1=" " ind2=" ">
   <subfield code="a">This study evaluated the effectiveness of supplementary feeding in improving weight, vitamin A (VA), and hemoglobin levels of children using vegetables from school gardens and iron fortified rice (IFR). A cluster randomized controlled study using multi-stage sampling involving 6?8 year old underweight (WAZ &lt;?2 SD) and/or anemic (hemoglobin &lt;12 g/dL) schoolchildren in three public schools in Cavite province was conducted. School 1 and School 2 received lunch with standardized one-dish vegetable recipe; however, School 1 and School 2 had IFR (GIFR) and ordinary rice (GOR), respectively. School 3 (SNK) served hot soups or native delicacies as snacks available in the school canteen. Eighty (80) children in each group participated in the feeding every school day, 5 days a week for 120 days. Data on weight, hemoglobin, and serum retinol concentration for vitamin A (VA) levels were collected before and after the study using standard methods. Basal and endpoint mean weight was similar between groups; however, within group mean increment was significantly higher in GIFR and SNK than in GOR (p&lt;0.05). Translating the results to prevalence of underweight at endpoint, the decrease in GOR was significantly higher than the decrease in GIFR and SNK (p&lt;0.05).  Basal mean hemoglobin levels were similar between groups; at endpoint, mean increment in GIFR 1 was significantly higher than in GOR. Baseline prevalence of anemia was significantly lower in SNK than in the two schools (p=0.05). At endpoint, only GIFR had a significant decline between time periods (p=0.000). Baseline mean VA was significantly lower in GIFR than in SNK (p=0.027); at endpoint, mean level was significantly higher in GIFR than in SNK (p=0.003). Supplementary feeding is effective in improving the weight of schoolchildren. The model of linking the use of vegetables from school garden had improved VA levels and the use of IFR has increased hemoglobin level.</subfield>
  </datafield>
  <datafield tag="650" ind1="0" ind2="4">
   <subfield code="a">Food science and technology.</subfield>
  </datafield>
  <datafield tag="650" ind1="0" ind2="4">
   <subfield code="a">Iron fortified rice.</subfield>
  </datafield>
  <datafield tag="650" ind1="0" ind2="4">
   <subfield code="a">Nutritional status.</subfield>
  </datafield>
  <datafield tag="650" ind1="0" ind2="4">
   <subfield code="a">Supplementary feeding.</subfield>
  </datafield>
  <datafield tag="650" ind1="0" ind2="4">
   <subfield code="a">Vegetables from school gardens.</subfield>
  </datafield>
  <datafield tag="700" ind1="1" ind2=" ">
   <subfield code="a">Oro, Emilita M.</subfield>
   <subfield code="e">author.</subfield>
  </datafield>
  <datafield tag="700" ind1="1" ind2=" ">
   <subfield code="a">Magsadia, Clarita R.</subfield>
   <subfield code="e">author.</subfield>
  </datafield>
  <datafield tag="700" ind1="1" ind2=" ">
   <subfield code="a">Tacugue, Maria Christy Jesusa G.</subfield>
   <subfield code="e">author.</subfield>
  </datafield>
  <datafield tag="700" ind1="1" ind2=" ">
   <subfield code="a">Gonsalves, Julian F.</subfield>
   <subfield code="e">author.</subfield>
  </datafield>
  <datafield tag="700" ind1="1" ind2=" ">
   <subfield code="a">Capanzana, Mario V.</subfield>
   <subfield code="e">author.</subfield>
  </datafield>
  <datafield tag="773" ind1="0" ind2=" ">
   <subfield code="a">The Philippine Journal of Science</subfield>
   <subfield code="g">Vol. 147, no. 4, December 2018.</subfield>
  </datafield>
  <datafield tag="856" ind1="4" ind2="0">
   <subfield code="a">Request full-text access via UPB University Library through</subfield>
   <subfield code="u">https://forms.gle/KZjBv7aRtY6jiL5E9</subfield>
  </datafield>
  <datafield tag="856" ind1="4" ind2="0">
   <subfield code="z">(viewed 19 March 2021)</subfield>
  </datafield>
  <datafield tag="905" ind1=" " ind2=" ">
   <subfield code="a">FI</subfield>
  </datafield>
  <datafield tag="852" ind1="0" ind2=" ">
   <subfield code="a">UPBAG</subfield>
   <subfield code="b">UPBAG-MAIN</subfield>
   <subfield code="h">ARTICLE-2765</subfield>
  </datafield>
  <datafield tag="942" ind1=" " ind2=" ">
   <subfield code="a">Analytics</subfield>
  </datafield>
 </record>
</collection>
